Russia's Balkan entanglements 1806-1914

Αποθηκεύτηκε σε:
Λεπτομέρειες βιβλιογραφικής εγγραφής
Κύριος συγγραφέας: Jelavich, Barbara, 1923-1995
Μορφή: Βιβλίο
Γλώσσα:English
Δημοσίευση: Cambridge : Cambridge University Press, 1991
Θέματα:
Ετικέτες: Προσθήκη ετικέτας
Δεν υπάρχουν, Καταχωρήστε ετικέτα πρώτοι!

MARC

LEADER 00000nam a2200000 i 4500
001 1/92560
008 940224s1991 eng d
020 |a 0-521-40126-7 
035 |l 10008515 
040 |a GR-MY-UA  |b gre  |e aacr 
041 0 |a eng 
082 0 |a 949.6 
100 1 |a Jelavich, Barbara,   |d 1923-1995. 
245 1 0 |a Russia's Balkan entanglements 1806-1914 /  |c Barbara Jelavich 
260 |a Cambridge :   |b Cambridge University Press,   |c 1991 
300 |a 292 p.  |b maps 
500 |a Bibliography: p.277-284. Includes index 
650 0 0 |a Eastern question (Balkan) 
651 0 |a Balkan Peninsula  |x Foreign relations  |z Soviet Union. 
651 0 |a Soviet Union  |x Foreign relations  |z Balkan Peninsula. 
651 0 |a Russia  |x Foreign relations  |y 1801-1917. 
852 |a INST  |b LESVOS  |e 19940224  |h 949.6 JEL  |p 005100005439  |q 005100005439  |t BK  |y 0 
909 |a Λ  |b 034431